000 00280nam a2200121Ia 4500
008 190216s9999||||xx |||||||||||||| ||und||
100 _aArulanandan M A
245 0 _aAdvanced Accounting
260 _bHimalaya Publishing House
300 _a683
650 _aCommerce
942 _cBK
999 _c7092
_d7092